Журнал социологии и социальной антропологии. Т. 21, № 5 (Запись № 11379621)
[ простой вид ]
| 000 -МАРКЕР | |
|---|---|
| контрольное поле | 00992nam2a2200205 4500 |
| 001 - ИДЕНТИФИКАТОР ЗАПИСИ | |
| контрольное поле | RU\NLR\PER_A\002443686_001170 |
| 005 - ИДЕНТИФИКАТОР ВЕРСИИ | |
| контрольное поле | 20250624013940.0 |
| 035 ## - ДРУГИЕ СИСТЕМНЫЕ НОМЕРА | |
| Идентификатор записи | (NLR Aleph) 012312937 |
| 100 ## - ДАННЫЕ ОБЩЕЙ ОБРАБОТКИ | |
| Данные общей обработки | 20200812d2018 |||y0rusy50 ca |
| 101 0# - ЯЗЫК РЕСУРСА | |
| Язык текста, звукозаписи и т.д. | русский |
| 102 ## - СТРАНА ПУБЛИКАЦИИ ИЛИ ПРОИЗВОДСТВА | |
| Страна публикации | Российская Федерация |
| 200 0# - ЗАГЛАВИЕ И СВЕДЕНИЯ ОБ ОТВЕТСТВЕННОСТИ | |
| Основное заглавие | Т. 21, № 5 |
| 210 ## - ПУБЛИКАЦИЯ, РАСПРОСТРАНЕНИЕ И ДР. | |
| Дата издания, распространения и т.д. | 2018 |
| Место издания, распространения и т.д. | Б. м. |
| 461 #0 - УРОВЕНЬ НАБОРА | |
| Встроенное поле | 001RU\NLR\WS7GC34GM5836C2\1000001755 |
| -- | 2001#$aЖурнал социологии и социальной антропологии$dJournal of sociology and social anthropology$fФак. социологии С.-Петерб. гос. ун-та и др.$zeng$vТ. 21, № 5 |
| Системный номер (АБИС) связанной записи | 2098805 |
| Место публикации | СПб. |
| Дата публикации | 1998- |
| Первые сведения об ответственности | Фак. социологии С.-Петерб. гос. ун-та и др. |
| Параллельное заглавие | Journal of sociology and social anthropology |
| Имя издателя, распространителя и т.д. | Б. и. |
| Заглавие | Журнал социологии и социальной антропологии |
| ISSN | 1029-8053 |
| Номер тома | Т. 21, № 5 |
| 852 ## - МЕСТОНАХОЖДЕНИЕ И ШИФР ХРАНЕНИЯ | |
| Идентификатор организации | NLR |
| Шифр хранения (Call Number) | П25/303 |
| 942 ## - ДОПОЛНИТЕЛЬНЫЕ ЭЛЕМЕНТЫ ЗАПИСИ (АБИС) | |
| Тип экземпляра АБИС | Выпуск |
| 980 ## - КОЛЛЕКЦИЯ | |
| Название коллекции | Национальная библиография |
| 980 ## - КОЛЛЕКЦИЯ | |
| Название коллекции | Русская периодика |
Нет доступных экземпляров.